|
|
|
|
| LEADER |
00000cam a2200000 7i4500 |
| 001 |
0000032295 |
| 005 |
20220105104053.0 |
| 008 |
120530 |
| 020 |
|
|
|a 9675262135 (Series)
|
| 020 |
|
|
|a 9675262159
|
| 090 |
0 |
0 |
|a JP
|b NS MAL
|
| 100 |
0 |
|
|a Amer Haji Matsom
|
| 245 |
1 |
0 |
|a Amalkan sifat murni
|c Amer Haji Matsom
|
| 260 |
|
|
|a KL :
|b Edition Plus Sdn.Bhd ,
|c 2007
|
| 440 |
|
|
|a Siri pantun pelajar positif
|
| 500 |
|
|
|a Children age 4-6 years old (yellow)
|
| 650 |
|
0 |
|a Didactic poetry, Malay
|
| 650 |
|
0 |
|a Pantoums
|
| 999 |
|
|
|a 0001140873
|b Book
|c Children Collection
|e Perbadanan Perpustakaan Awam Johor
|
| 999 |
|
|
|a 0001140874
|b Book
|c Children Collection
|e Perbadanan Perpustakaan Awam Johor
|
| 999 |
|
|
|a 0001140875
|b Book
|c Children Collection
|e Perbadanan Perpustakaan Awam Johor
|